| 000 | 04651namaa22004211i 4500 | ||
|---|---|---|---|
| 003 | OSt | ||
| 005 | 20251221120246.0 | ||
| 008 | 250827s2024 ua a|||frm||| 000 0 eng d | ||
| 040 |
_aEG-GICUC _bara _cEG-GICUC _dEG-GICUC _erda |
||
| 041 | 0 |
_aara _bara _beng |
|
| 049 | _aإيداع | ||
| 082 | 0 | 4 | _a320.965 |
| 092 |
_a320.965 _221 |
||
| 097 | _aمــــاجستير | ||
| 099 | _aCai01.03.04.M.Sc.2024.يم.م | ||
| 100 | 0 |
_a،يمنى صلاح الدين عبد الهادي على _eإعداد. |
|
| 245 | 1 | 0 |
_aمحددات سلوك الجيش إزاء الاحتجاجات الشعبية في الجزائر : _bدراسة لحالتي 1988 و2019 / _cإعداد يمنى صلاح الدين عبد الهادي على؛ إشراف الأستاذ الدكتور/ علي الدين هلال دسوقي. |
| 246 | 1 | 5 |
_aDeterminants of the military's behavior towards popular protests in algeria : _bA study of the cases of 1988 and 2019 protests / |
| 264 | 0 | _c2024. | |
| 300 |
_a163 صفحة : _bإيضاحيات ؛ _c25 cm. + _eCD. |
||
| 336 |
_atext _2rda content |
||
| 337 |
_aUnmediated _2rdamedia |
||
| 338 |
_avolume _2rdacarrier |
||
| 502 | _aأطروحة (ماجستير)-جامعة القاهرة، 2024. | ||
| 504 | _aببليوجرافيا: صفحات 149-159. | ||
| 520 | _aتستعرض الدراسة التباين في موقف الجيش الجزائري تجاه الاحتجاجات الشعبية بين عامي 1988 و2019. تستند الدراسة إلى الإطار النظري الذي قدمه زولتان باراني لتحليل العوامل المؤثرة في موقف الجيش، بما في ذلك تماسك الجيش، علاقته بالنظام السياسي، وخصائص الاحتجاجات نفسها. توصلت الدراسة إلى أن ضبط النفس الذي أبداه الجيش عام 2019 مقارنة بالقمع العنيف عام 1988 يعود إلى تماسك الجيش الداخلي، وكذلك التجربة التاريخية للجيش، لعبوا دورًا رئيسيًا في اتخاذه موقفًا أكثر ضبطًا للنفس خلال احتجاجات 2019. كما أن الطابع السلمي والشامل للاحتجاجات الأخيرة قد قلل من خيارات القمع المتاحة. تبرز الدراسة أيضًا أهمية العلاقة بين الجيش والنظام، حيث كان الجيش أكثر ولاءً للنظام في عام 1988 نظرًا للمكاسب والامتيازات التي حصل عليها، بينما كانت محاولات نظام بوتفليقة لتقليص نفوذ الجيش أحد الأسباب التي دفعت الجيش للتخلي عنه عام 2019. بالإضافة إلى ذلك، أظهرت تجارب الدول المجاورة وخبرة الضباط الجزائريين في الخارج تأثيرًا واضحًا على مواقف الجيش. | ||
| 520 | _aThis study examines the Algerian army's differing responses to popular protests in 1988 and 2019, using violence in the former and avoiding it in the latter. Based on Zoltan Barany's theoretical framework, the study analyzes factors such as military cohesion, the army's relationship with the political regime, and the characteristics of the protests. The findings suggest that the army's restraint in 2019 was influenced by its internal cohesion and the historical trauma of the "Black Decade." Additionally, the peaceful nature of the 2019 protests limited repressive options. The study also highlights how the army's loyalty to the regime in 1988 contrasted with its eventual distancing from Bouteflika in 2019 due to attempts to reduce its influence. Finally, regional experiences and the international exposure of Algerian officers shaped the army’s response. | ||
| 530 | _aصدر أيضًا كقرص مدمج. | ||
| 546 | _aالنص بالعربية والملخص باللغة الإنجليزية والعربية. | ||
| 650 | 7 |
_aالاحوال السياسية _zالجزائر _2qrmak |
|
| 651 | 7 |
_aالجزائر _xتاريخ |
|
| 653 | 0 |
_aالجيش الجزائري _aالاحتجاجات الشعبية _aالحراك الجزائري 2019 |
|
| 700 | 0 |
_aعلي الدين هلال دسوقي _eمشرف أطروحة. |
|
| 900 |
_b01-01-2024 _cعلي الدين هلال دسوقي _dهبة زهرة _dأحلام محمد السعدي فرهود _Uجامعة القاهرة _Fكلية الاقتصاد والعلوم السياسية _Dقسم العلوم السياسية |
||
| 905 |
_aSara _eAfaf |
||
| 942 |
_2ddc _cTH _e21 _n0 |
||
| 999 | _c176234 | ||